| 000 | 00620nam a2200205 i 4500 | ||
|---|---|---|---|
| 001 | 54950 | ||
| 003 | ES-MaACL | ||
| 007 | t| | ||
| 008 | 040130s1886 sp ||||1| spa d | ||
| 100 | 1 |
_aTauzin, Isidro. _9109413 |
|
| 245 | 1 | 3 |
_aEl comercio y la industria / _cpor los señores Tauzin y García Alonso. |
| 250 | _a1ª ed. | ||
| 260 |
_aMadrid : _b[s.n.], _c1886 ( _fTip. de Dionisio de los Ríos) |
||
| 300 |
_a80 p. ; _c21 cm. |
||
| 490 | 1 | _aBiblioteca de los niños | |
| 700 | 1 |
_aGarcía Alonso. _954136 |
|
| 830 | 0 |
_aBiblioteca de los niños _9230312 |
|
| 852 |
_aES-MaACL _jT-742-F-3 |
||
| 999 |
_c54950 _d54950 |
||